logo

Bir Sreshtho Munshi Abdur Rouf Library
Jhenaidah Cadet College

The air and you : (Record no. 8888)

MARC details
000 -LEADER
fixed length control field 00763cam a2200265I 4500
001 - CONTROL NUMBER
JCCL Control Number 8888
003 - CONTROL NUMBER IDENTIFIER
JCCL marc code BD-JhCC
005 - DATE AND TIME OF LATEST TRANSACTION
control field 20180621122651.0
008 - FIXED-LENGTH DATA ELEMENTS--GENERAL INFORMATION
fixed length control field 750523s1963 nyu 000 0 eng c
035 ## - SYSTEM CONTROL NUMBER
system control number BD-JhCC
040 ## - CATALOGING SOURCE
Original cataloging agency DZM
Transcribing agency DZM
Modifying agency OCLCQ
-- MYG
-- (BD-JhCC)8888
041 ## - LANGUAGE CODE
Language code of Book eng
050 0# - LIBRARY OF CONGRESS CALL NUMBER
Classification number UA926
Item number .L4
082 ## - DEWEY DECIMAL CLASSIFICATION NUMBER
Classification number 500
Author mark and Year AIR 1963
090 ## - LOCALLY ASSIGNED LC-TYPE CALL NUMBER (OCLC); LOCAL CALL NUMBER (OCLC)
Classification number (OCLC) (R) ; Classification number, CALL (RLIN) (NR) UA926.L4x 1942
245 18 - TITLE STATEMENT
Title The air and you :
Remainder of title introduced by science and the way of the scientist /
Statement of responsibility, etc John A. Clark...[et. al].
250 ## - EDITION STATEMENT
Edition statement 1st ed.
260 ## - PUBLICATION, DISTRIBUTION, ETC. (IMPRINT)
Place of publication, distribution, etc New York,
Name of publisher, distributor, etc E.P. Dutton and Co. Inc.
Date of publication, distribution, etc 1942.
300 ## - PHYSICAL DESCRIPTION
Pagination 63 p. :
Other physical details illus., plates, diagr. front.
Dimensions 19 cm.
650 #0 - SUBJECT ADDED ENTRY--TOPICAL TERM
Topical term or geographic name as entry element Civil defense.
650 #0 - SUBJECT ADDED ENTRY--TOPICAL TERM
Topical term or geographic name as entry element Projectiles, Aerial.
700 ## - ADDED ENTRY--PERSONAL NAME
Personal name Clark, John A.
942 ## - ADDED ENTRY ELEMENTS (KOHA)
Source of classification or shelving scheme Dewey Decimal Classification
Koha item type Books
Holdings
Source of classification or shelving scheme Damaged status Not for loan Home library Current library Shelving location Total Checkouts Full call number Barcode Date last seen Copy number Koha item type
Dewey Decimal Classification     JCC Rouf Library JCC Rouf Library General Stacks   500 AIR 1963 11417 03/05/2018 C - 1 Books

JCC Library | Contacts | JCC Home

Last Update on 23 September 2017
Copyright @ 2017-2020 JCC Rouf Library
Rouf Library, Jhenidah Cadet College (JCC), Bangladesh